000
00314nam a2200109Ia 4500
008
220204s9999 xx 000 0 und d
082
_a
678.065:061.31975
_b
PRO
245
0
_a
Proceedings of the workshop on tyre rubber, 1975, Kuala Lumpur
260
_a
Kuala Lumpur
_b
RRIM
_c
1976
650
_a
Tyre rubber
942
_c
BK
999
_c
34289
_d
34289